Central Library OPAC University of Rajshahi

Telescopes, (Record no. 8497)

MARC details
000 -LEADER
fixed length control field 00989cam a22003011 4500
001 - CONTROL NUMBER
control field 8497
003 - CONTROL NUMBER IDENTIFIER
rucl marc code BD-RjUL
005 - DATE AND TIME OF LATEST TRANSACTION
control field 20211208234611.0
008 - FIXED-LENGTH DATA ELEMENTS--GENERAL INFORMATION
fixed length control field 140118s1960 ilua b 000 0 eng d
035 ## - SYSTEM CONTROL NUMBER
System control number (BD-RjUL)8542
040 ## - CATALOGING SOURCE
Original cataloging agency DLC/ICU
Transcribing agency ICU
Modifying agency DLC
-- (BD-RjUL)
Language of cataloging eng
041 ## - LANGUAGE CODE
Language code of text/sound track or separate title eng
082 00 - DEWEY DECIMAL CLASSIFICATION NUMBER
Classification number 522.2
Author mark and year TEL
100 1# - MAIN ENTRY--PERSONAL NAME
Fuller form of name (Gerard Peter),
Dates associated with a name 1905-1973,
9 (RLIN) 26464
245 00 - TITLE STATEMENT
Title Telescopes,
Statement of responsibility, etc. edited by Gerard P. Kuiper and Barbara M. Middlehurst.
260 ## - PUBLICATION, DISTRIBUTION, ETC. (IMPRINT)
Place of publication, distribution, etc. [Chicago]
Name of publisher, distributor, etc. University of Chicago Press
Date of publication, distribution, etc. [1961, c1960]
300 ## - PHYSICAL DESCRIPTION
Pagination xv, 255 p.
Illustrations illus., diagrs., tables.
Size 25 cm.
490 1# - SERIES STATEMENT
Series statement Stars and stellar systems; compendium of astronomy and astrophysics,
Volume/sequential designation 1
504 ## - BIBLIOGRAPHY, ETC. NOTE
Bibliography, etc Includes bibliographies.
650 #0 - SUBJECT ADDED ENTRY--TOPICAL TERM
Topical term or geographic name as entry element Telescopes.
9 (RLIN) 24522
Topical term or geographic name as entry element Astronomical observatories.
9 (RLIN) 26465
700 1# - ADDED ENTRY--PERSONAL NAME
Personal name Middlehurst, Barbara M.,
Relator term ed.
830 #0 - SERIES ADDED ENTRY--UNIFORM TITLE
Volume number/sequential designation 1.
830 #0 - SERIES ADDED ENTRY--UNIFORM TITLE
Uniform title Stars and stellar systems ;
942 ## - ADDED ENTRY ELEMENTS (KOHA)
Source of classification or shelving scheme Dewey Decimal Classification
Koha item type Books
Holdings
Lost status Source of classification or shelving scheme Damaged status Not for loan Collection code Permanent Location Current Location Shelving location Date acquired Source of acquisition Cost, normal purchase price Total Checkouts Full call number Date last seen Copy number Koha item type
  Dewey Decimal Classification   Not For Loan Non-fiction Central Library, University of Rajshahi Central Library, University of Rajshahi   10/02/1970 Zeitlinger 76.00   522.2 TEL 1969 18/01/2014 C-1 Books